Poruchy správania detí predškolského veku hyperaktívne dieťa v materskej škole

Bibliographic Details
Main Author: Faglicová, Tatiana (Author)
Format: Article
Language:Slovak
ISSN:1336-9849
Subjects:

MARC

LEADER 00000nab a2200000 ar4500
001 vtls010868483
003 SK-MaSNL
005 20260304170509.0
008 150914c2015 xo |r|p|||an |000 b|slo
015 |a SNBRB2015/09 
038 |a SPK 
040 |a SPKCL  |b slo  |c AACR2  |e AACR2 
041 0 |a slo  |b slo 
044 |a xo  |c SK 
072 7 |a 616.89  |x Psychiatria  |2 konspekt 
080 |a 616.89-008.447  |2 2001 
100 1 |a Faglicová, Tatiana  |4 aut  |9 1088481 
245 1 0 |a Poruchy správania detí predškolského veku  |b hyperaktívne dieťa v materskej škole 
504 |a Bibliogr. odkazy 
546 |a Res. slov. 
650 0 7 |a poruchy správania  |2 snkbucl  |9 18480 
650 0 7 |a hyperaktivita  |2 snkbucl  |9 19087 
650 0 7 |a predškolský vek  |2 snkbucl  |9 70893 
773 0 |t Manažment školy v praxi : odborný mesačník pre manažment škôl, školských a predškolských zariadení  |g Roč. 10, č. 7-8 (2015), s. 16-21  |x 1336-9849 
852 |a SPK  |b KIS3GCP 
958 |a NB  |2 snkbucl 
999 |c 2989054  |d 2990984